000 01150cam a2200313 a 4500
001 15025029
003 LC
005 20170317142348.0
008 070927s2009 mauab 001 0 eng
010 _a 2007040348
020 _a9780071287555 (pbk. : alk. paper)
020 _a0073048763 (pbk. : alk. paper)
040 _aDLC
_cDLC
_dDLC
050 0 0 _aQD 415
_b.C482 2009
082 0 0 _a540
245 0 0 _aChemistry in context :
_bapplying chemistry to society
_cLucy Pryde Eubanks ... [et al.].
250 _a6th ed.
260 _aBoston :
_bMcGraw-Hill Higher Education,
_cc2009.
300 _axix, 586 p. :
_bcol. ill, col. maps ;
_c28 cm.
500 _aIncludes index.
650 0 _aBiochemistry.
650 0 _aEnvironmental chemistry.
650 0 _aGeochemistry.
700 1 _aEubanks, Lucy T.
856 4 1 _3Table of contents only
_uhttp://www.loc.gov/catdir/toc/ecip081/2007040348.html
906 _a7
_bcbc
_corignew
_d1
_eecip
_f20
_gy-gencatlg
942 _2lcc
_cBK
999 _c323220
_d323220